[Event "North County CC op 194th"]
[Site "San Diego"]
[Date "2005.05.27"]
[Round "2"]
[White "Hall, Maitland"]
[Black "Garcia Gutierrez, Rolando"]
[Result "0-1"]
[WhiteElo "1150"]
[BlackElo "1403"]
[PlyCount "44"]
[EventDate "2005.06.24"]
[EventType "swiss"]
[EventRounds "5"]
[EventCountry "USA"]
[SourceTitle "EXT 2009"]
[Source "ChessBase"]
[SourceDate "2008.11.26"]
[SourceVersion "1"]
[SourceVersionDate "2008.11.26"]
[SourceQuality "1"]

1. e4 e6 2. d4 d5 3. e5 c5 4. c3 Nc6 5. Nf3 Bd7 6. Bf4 Nge7 7. Be2 Ng6 8. Qd2 cxd4 9. Nxd4 Nxd4 10. Qxd4 Nxf4 11. Qxf4 Be7 12. 0-0 0-0 13. Qf3 f6 14. Qe3 fxe5 15. Qxe5 Bf6 16. Qe3 Qc7 17. f4 Be7 18. Nd2 Bc5 19. Qxc5 Qxc5+ 20. Kh1 Bb5 21. Bxb5 Qxb5 22. b4 Qd3 0-1